Diagnosis estratègiques territorials : document d'estratègies pel territori del Vallès Oriental document d'estratègies pel territori del Vallès Oriental

Descripció física: 28 p. : quadres, gràfics ; 30 cm

MARC

LEADER 00000nam a2200000Ia 4500
001 24072
008 160829s2004 xx 000 0 cat d
080 |a FU-63-18 
245 |a Diagnosis estratègiques territorials :  |b  document d'estratègies pel territori del Vallès Oriental 
260 |a Barcelona :  |b Diputació de Barcelona. Àrea de Promoció Econòmica i Ocupació,  |c 2004 
300 |a 28 p. :  |b  quadres, gràfics ;  |c 30 cm 
590 |a Títol a l'interior : Diagnosi estratègica del territori corresponent al Pacte territorial del Vllès Oriental, març 2003 
650 0 |a Política d'ocupació  |9 7017 
650 |a Administració local  |x Vallès Oriental  |9 49634 
710 1 |a Vallès Occidental (Catalunya).  |b Consell Comarcal  |9 53703 
710 1 |a Barcelona (Catalunya : Província).  |b Àrea de Promoció Econòmica i Ocupació  |9 17540 
901 |a Arxiu 
942 |n 1 
952 |0 0  |1 0  |4 0  |6 FU6318  |7 1  |9 55496  |a Arxiu  |b Arxiu  |d 2016-12-01  |l 0  |o FU-63-18  |p 24072  |r 2016-12-01 00:00:00  |w 2016-12-01  |y ARXIU 
999 |c 59369  |d 59369